Meaning

Đã lưu trong:
Bibliografiske detaljer
Hovedforfatter: Polanyi, Michael
Format: Bog
Sprog:Undetermined
Udgivet: Chicago The University of Chicago Press 1975
Fag:
Tags: Tilføj Tag
Ingen Tags, Vær først til at tagge denne postø!
Thư viện lưu trữ: Trung tâm Học liệu Trường Đại học Cần Thơ
LEADER 00486nam a2200181Ia 4500
001 CTU_91179
008 210402s9999 xx 000 0 und d
082 |a 111.83 
082 |b P762 
100 |a Polanyi, Michael 
245 0 |a Meaning 
245 0 |c Michael Polanyi, Harry Prosch 
260 |a Chicago 
260 |b The University of Chicago Press 
260 |c 1975 
650 |a Meaning (philosophy) 
904 |i Nguyên 
980 |a Trung tâm Học liệu Trường Đại học Cần Thơ